Estatísticas para Quiz de Temas Gerais #4

Clique aqui para jogar o quiz

Estatísticas Gerais

  • Esse quiz foi jogado 183 vezes
  • A pontuação média é 8 de 20

Estatísticas das Respostas

PerguntaResposta% Correto
De acordo com a superstição, por quanto tempo você terá azar se quebrar um espelho?Sete anos
67%
Como é chamado um triângulo que tem um de seus ângulos igual a 90°?Triângulo Retângulo
66%
Artur Bernardes ocupou qual cargo político brasileiro entre 1922 e 1926?Presidente
58%
Qual é o nome da máfia japonesa?Yakuza
57%
Que esporte praticava Hortência Marcari?Basquete
55%
Em qual país nasceu a atriz Gal Gadot?Israel
54%
Que país foi formado pela união de Aragão e Castela?Espanha
53%
Qual o marco da Revolução Francesa?Queda da Bastilha
49%
Para ver as ruínas de Troia que país você terá que visitar?Turquia
49%
Qual o coletivo de atores?Elenco
47%
Quem foi o primeiro navegador europeu a chegar à Índia pelo mar?Vasco da Gama
45%
Qual a capital do Texas?Austin
39%
Qual país tem o maior número de pirâmides?Sudão
33%
Qual a primeira colônia latino-americana a se tornar independente?Haiti
32%
Qual elemento é representado pelo símbolo "Pt"?Platina
32%
De que família era Julieta na peça "Romeu e Julieta"?Capuleto
25%
O que estuda a entomologia?Insetos
21%
Os dodôs era uma espécie endêmica de qual país?Maurícia
15%
Quem escreveu a obra "O Primo Basílio"?Eça de Queiroz
12%
Quem pintou a obra "Garota com Brinco de Pérola"?Johannes Vermeer
9%

Distribuição das Pontuações

Percentil de Números Respondidos

Porcentagem de Pessoas com Cada Pontuação

Sua Pontuação Histórica

Você não jogou esse quiz